Normal view MARC view

Entry Uniform Title

Number of records used in: 4

001 - CONTROL NUMBER

  • control field: 25139

003 - CONTROL NUMBER IDENTIFIER

  • control field: dpl

005 - DATE AND TIME OF LATEST TRANSACTION

  • control field: 20101229120121.0

008 - FIXED-LENGTH DATA ELEMENTS

  • fixed length control field: 101229|||a|||||| | ||| d

040 ## - CATALOGING SOURCE

  • Original cataloging agency: dpl
  • Transcribing agency: dpl

130 ## - HEADING--UNIFORM TITLE

  • Uniform title: (दस प्रतिनिधि कहानियाँ सीरीज़)

670 ## - SOURCE DATA FOUND

  • Source citation: Work cat.: (dpl): गायत्री कमलेश्वर 25136, दस प्रतिनिधि कहानियाँ /, 2010

670 ## - SOURCE DATA FOUND

  • Source citation: Work cat.: (dpl): गायत्री कमलेश्वर 25136, दस प्रतिनिधि कहानियाँ /, 2010

© Delhi Public Library
Hit Counter
free hit counter